000 00351cam a22001217a 4500
008 180718b-- xxu||||| |||| 00| 0 eng d
082 _aL906x5443 E
245 _aEpitome of CAG's reports, Goa
260 _aPanaji
_bAccountant General
_c--
500 _aLibrary has 2008/09-2009/10
650 _aAuditing - India - Goa
700 _aGoa. Accountant General
999 _c489974
_d489974